000 00387nam a2200157Ia 4500
008 230524s9999 xx 000 0 und d
082 _a621.382
_bNAS
100 _aSyed A. Nasar
245 0 _aElectric Machines and Power Systems Vol-1
250 _a1ST
260 _aNEW DELHI
_bTMH
_c2003
300 _aXI;405
500 _aQuantity Number: 2
650 _aElectrical
942 _cBK
999 _c36743
_d36743